Vista normal
Vista MARC
Entrada Geographic Name
Número de registros utilizados en: 1
001 - CONTROL NUMBER
- control field: 41207
003 - CONTROL NUMBER IDENTIFIER
- control field: OSt
005 - DATE AND TIME OF LATEST TRANSACTION
- control field: 20230915232158.0
008 - FIXED-LENGTH DATA ELEMENTS
- fixed length control field: 230915|| aca||aabn | a|a d
040 ## - CATALOGING SOURCE
- Original cataloging agency: OSt
- Transcribing agency: OSt
151 ## - HEADING--GEOGRAPHIC NAME
- Geographic name: Bogotá (COLOMBIA) - VIDA SOCIAL Y COSTUMBRES - NOVELA
670 ## - SOURCE DATA FOUND
- Source citation: Work cat.: (OSt)23989: Quiroz, Fernando, 1964 - 41206, Tanto Bogotá / , 2014